<?xml version="1.0" encoding="UTF-8"?><?xml-stylesheet type="text/xsl" href="static/style.xsl"?><OAI-PMH xmlns="http://www.openarchives.org/OAI/2.0/" xmlns:xsi="http://www.w3.org/2001/XMLSchema-instance" xsi:schemaLocation="http://www.openarchives.org/OAI/2.0/ http://www.openarchives.org/OAI/2.0/OAI-PMH.xsd"><responseDate>2026-04-27T21:51:18Z</responseDate><request verb="GetRecord" identifier="oai:uvadoc.uva.es:10324/63019" metadataPrefix="marc">https://uvadoc.uva.es/oai/request</request><GetRecord><record><header><identifier>oai:uvadoc.uva.es:10324/63019</identifier><datestamp>2023-11-16T20:01:32Z</datestamp><setSpec>com_10324_38</setSpec><setSpec>col_10324_852</setSpec></header><metadata><record xmlns="http://www.loc.gov/MARC21/slim" xmlns:doc="http://www.lyncode.com/xoai" xmlns:xsi="http://www.w3.org/2001/XMLSchema-instance" xmlns:dcterms="http://purl.org/dc/terms/" xsi:schemaLocation="http://www.loc.gov/MARC21/slim http://www.loc.gov/standards/marcxml/schema/MARC21slim.xsd">
<leader>00925njm 22002777a 4500</leader>
<datafield tag="042" ind1=" " ind2=" ">
<subfield code="a">dc</subfield>
</datafield>
<datafield tag="720" ind1=" " ind2=" ">
<subfield code="a">Gandiaga Calero, Carlos</subfield>
<subfield code="e">author</subfield>
</datafield>
<datafield tag="260" ind1=" " ind2=" ">
<subfield code="c">2023</subfield>
</datafield>
<datafield tag="520" ind1=" " ind2=" ">
<subfield code="a">Este trabajo examina el impacto de la asimetría y la curtosis sistemáticas en la &#xd;
valoración de activos en el mercado financiero español. Para ello, se plantea un &#xd;
modelo de valoración de activos de capital (CAPM) que incorpora momentos de &#xd;
orden tres y cuatro y se estima dicho modelo considerando distintas carteras de &#xd;
activos de empresas del IBEX35 durante el periodo 2001-2023. Los resultados &#xd;
revelan que la prima de riesgo está relacionada con la varianza, la asimetría y la &#xd;
curtosis sistemáticas. Se observa un aumento en el poder explicativo del modelo &#xd;
al incorporar la asimetría sistemática (coasimetría), aunque los resultados no &#xd;
son concluyentes en cuanto a la inclusión de la curtosis sistemática (cocurtosis). &#xd;
Los resultados difieren de los obtenidos por otros autores para la bolsa de &#xd;
valores de Nueva York, pero están en sintonía con algunos resultados de otros &#xd;
trabajos para los mercados de futuros y algunos mercados emergentes.</subfield>
</datafield>
<datafield tag="024" ind2=" " ind1="8">
<subfield code="a">https://uvadoc.uva.es/handle/10324/63019</subfield>
</datafield>
<datafield tag="245" ind1="0" ind2="0">
<subfield code="a">Medidas de riesgo basadas en coasimetría y cocurtosis: aplicación al mercado de valores español</subfield>
</datafield>
</record></metadata></record></GetRecord></OAI-PMH>